000
00284nam a22001337a 4500
020
_a
978-81-291-4647-2
082
_a
425
_b
BUR/A
100
_a
BURCKMYER,BECKY
245
_a
AWESOME GRAMMAR
260
_a
NEW DELHI
_b
RUPA
300
_a
207
650
_a
GRAMMAR
_z
NEW DELHI
942
_c
BK
999
_c
3802
_d
3802